Gaming Quiz

Random Gaming Quiz
Score 0/25 Timer 05:00
0 Plays Today
Question Answer % Correct
Which fifa has the lowest metacritic score?20
82.4%
What year was price ranges introduced?15
76.5%
When did career mode get a massive visual overhaul?14
76.5%
Who got the first ever 99 rated card?Messi
76.5%
Who was the fastest base card from fifa 15 and 14?Bolly
64.7%
Who are the only 2 outfield players to get IFs at GK? (Name 1)Melo
64.7%
Name 1 of the 2 cover stars on fifa 12 (UK)Rooney
64.7%
What Women's NT is currently the highest rated?US
64.7%
Which streamer was given a 95 rated card for doing a charity livestream in 2015?Castro
64.7%
In what city is Fifa developed? Vancouver
58.8%
Who is the strongest base card on fifa still?Akinfenwa
58.8%
What league did they add in fifa 20?Romanian
52.9%
What were the original name for Icons?Legends
52.9%
Question Answer % Correct
What was the original stat on FUT cards before physical was introduced?Heading
52.9%
What was the main new feature in FUT 16?Draft
47.1%
What was the full name of Alex Hunter's rival/enemy?Gareth Walker
47.1%
How many fifa points will the most expensive pack cost you?2500
47.1%
Which country has the worst ever NT on Fifa? (not including world cup and euro games)India
41.2%
How many seasons can you play in career mode before you retire? (type x years, replace x with your answer)15 years
35.3%
Who's the slowest player this fifa?Mccombe
17.6%
What game mode did they remove in Fifa 12? (similar to house rules in fifa 20)lounge
11.8%
Who was Martin Tyler's co-commentator before alan smith?Andy Gray
11.8%
What is the name of the old defending option in fifa?Legacy Defending
5.9%
What was the name of the feature where you could make game faces, download custom teams, tournaments etc?Creation centre
5.9%
How many leagues are unlicensed/mostly unlicensed in Fifa 20?3
0%
Remove Ads.
Support Sporcle.
Get the best of Sporcle when you Go Orange. This ad-free experience offers more features, more stats, and more fun while also helping to support Sporcle. Thank you for becoming a member.

You're not logged in!

Compare scores with friends on all Sporcle quizzes.
OR
Log In

Sporcle TV

Today on Sporcle TV


Watch our educational content, quiz creation guides, and fun videos on Sporcle TV.

Show Comments

Extras

Created May 15, 2020ReportNominate
Tags:FIFA

Top Quizzes Today


Score Distribution

Paid Content

Your Account Isn't Verified!

In order to create a playlist on Sporcle, you need to verify the email address you used during registration. Go to your Sporcle Settings to finish the process.

Report this User

Report this user for behavior that violates our Community Guidelines.

Details: